000 00760nam a22002175i 4500
001 164014
003 ES-MaACL
005 20230906212845.0
008 010525q19011940xx |||| | spa d
040 _aCCPB | B
_bspa
_cCCPB | B
100 1 _aRouquerol, Gabriel.
_9132103
245 1 3 _aEl cañón
_b: artícife de la victoria /
_cGabriel Rouquerol ; prólogo de Gabriel Hanotaux ; traductor Joaquín Ortin.
260 _a[S.l. :
_bs.n.,
_cs.a.]
300 _aX, 77 p. ;
_c17 cm.
596 1 _aPosiblemente impreso en los primeros cuarenta años del S. XX.
650 4 _aCañones.
_9135743
700 1 1 _aHanotaux, Gabriel,
_epr.
_961744
700 1 1 _aOrtin, Joaquín,
_etrad.
_9130715
852 _aES-MaACL
_jF-12255
_z-- Rúst.
999 _c164014
_d164014